| 000 | 00466nam a22001817a 4500 | ||
|---|---|---|---|
| 999 |
_c1462 _d1462 |
||
| 005 | 20210911141044.0 | ||
| 008 | 160523b xxu||||| |||| 00| 0 eng d | ||
| 020 | _a0-07-058672-1 | ||
| 041 | _aeng | ||
| 082 |
_b4375 _a005.1 |
||
| 100 |
_aHughes, Bob and Cotterell, Mike _94087 |
||
| 245 | _aSoftware Project Management | ||
| 250 | _a3rd ed. | ||
| 260 |
_aNew Delhi _bAcademic Faundation |
||
| 300 | _a346 | ||
| 650 |
_aInformation Technology _9137 |
||
| 942 | _cBK | ||